[Event "Verden op-A"]
[Site "Verden"]
[Date "2023.01.06"]
[Round "3"]
[White "Hoellmann, Ludger"]
[Black "Poelig, Juergen"]
[Result "1-0"]
[WhiteElo "2055"]
[BlackElo "1816"]
[PlyCount "77"]
[EventDate "2023.01.05"]
[EventType "swiss"]
[EventRounds "7"]
[EventCountry "GER"]
[SourceTitle "CBM 212 Extra"]
[Source "ChessBase"]
[SourceDate "2023.03.31"]
[SourceVersion "1"]
[SourceVersionDate "2023.03.31"]
[SourceQuality "1"]

1. d4 e6 2. Nf3 d5 3. g3 c5 4. Bg2 Nc6 5. 0-0 Nf6 6. c4 Be7 7. cxd5 exd5 8. Nc3 0-0 9. dxc5 Bxc5 10. a3 h6 11. b4 Be7 12. Bb2 Be6 13. Rc1 Qd7 14. Nb5 Rac8 15. Nbd4 Rfd8 16. Qd3 Bd6 17. Nxc6 bxc6 18. Bxf6 gxf6 19. Nd4 Bg4 20. e3 c5 21. bxc5 Bxc5 22. Rc3 Bb6 23. Rfc1 Rxc3 24. Qxc3 Kg7 25. Qb4 Be6 26. h4 Qd6 27. Qb2 Bc5 28. Rc3 Bb6 29. Qc2 Rb8 30. Kh2 Rd8 31. Qe2 Kh7 32. Qf3 Kg7 33. Bh3 Bxd4 34. exd4 Bxh3 35. Kxh3 Qe6+ 36. Kg2 Rd7 37. Re3 Qd6 38. Re8 Kh7 39. Qg4 1-0

[Event "Niedersachsen-ch op A"]
[Site "Verden"]
[Date "2019.01.03"]
[Round "2"]
[White "Gerke, Florian"]
[Black "Poelig, Juergen"]
[Result "0-1"]
[WhiteElo "1748"]
[BlackElo "1844"]
[PlyCount "88"]
[EventDate "2019.01.03"]
[EventType "swiss"]
[EventRounds "7"]
[EventCountry "GER"]
[SourceTitle "EXT 2022"]
[Source "ChessBase"]
[SourceDate "2021.10.06"]
[SourceVersion "1"]
[SourceVersionDate "2021.10.06"]
[SourceQuality "1"]

1. e4 e6 2. d4 d5 3. e5 c5 4. c3 Nc6 5. Be3 Qb6 6. Qd2 c4 7. Qc2 Bd7 8. Nf3 Nge7 9. Be2 Nf5 10. 0-0 Be7 11. Nbd2 Rc8 12. Rfc1 Nxe3 13. fxe3 f6 14. exf6 Bxf6 15. Kh1 0-0 16. e4 Be8 17. b3 Na5 18. Rab1 Qc7 19. b4 Nc6 20. Rf1 Bg6 21. Rbe1 b5 22. Kg1 a5 23. a3 axb4 24. axb4 Ra8 25. Ra1 Ra7 26. Rxa7 Qxa7 27. Rd1 Ra8 28. Rb1 Qb7 29. Ne1 e5 30. dxe5 Nxe5 31. Bf3 Ra3 32. Rc1 Nxf3+ 33. gxf3 Rxc3 34. Qb1 Rxc1 35. Qxc1 dxe4 36. fxe4 c3 37. Nb3 Qxe4 38. Qd1 c2 39. Nxc2 Qxc2 40. Qd5+ Kf8 41. Qd6+ Be7 42. Qb8+ Kf7 43. Qf4+ Qf5 44. Qe3 Qg5+ 0-1

[Event "Niedersachsen-ch op-B"]
[Site "Verden"]
[Date "2017.01.07"]
[Round "5"]
[White "Poelig, Juergen"]
[Black "Stelmaszyk, Nico"]
[Result "0-1"]
[WhiteElo "1894"]
[BlackElo "1827"]
[PlyCount "80"]
[EventDate "2017.01.05"]
[EventType "swiss"]
[EventRounds "7"]
[EventCountry "GER"]
[SourceTitle "CBM 187 Extra"]
[Source "ChessBase"]
[SourceDate "2018.11.04"]
[SourceVersion "1"]
[SourceVersionDate "2018.11.04"]
[SourceQuality "1"]

1. Nf3 d5 2. g3 Nf6 3. Bg2 e6 4. 0-0 Bd6 5. d3 h6 6. Nbd2 Nc6 7. e4 0-0 8. Re1 dxe4 9. dxe4 e5 10. c3 Be6 11. h3 Qe7 12. Nh4 Rad8 13. Nf5 Qd7 14. g4 Bc5 15. Qf3 Qd3 16. Nxh6+ Kh8 17. Nf5 g6 18. Ne3 Kg7 19. Bf1 Qd7 20. Bc4 Nh7 21. Nd5 f5 22. gxf5 gxf5 23. Ne3 Bxc4 24. Ndxc4 f4 25. Nf5+ Kh8 26. b4 Qf7 27. Nd2 Bb6 28. a4 Ng5 29. Qg4 Qh7 30. h4 Nxe4 31. Nxe4 Rxf5 32. Ng5 Rxg5 33. hxg5 Qc2 34. Qh4+ Kg8 35. b5 Qxc3 36. Ba3 Nd4 37. Kf1 Qd3+ 38. Kg2 Qf3+ 39. Kh2 Nf5 40. Qh3 Qxf2+ 0-1

[Event "Niedersachsen-ch op"]
[Site "Verden"]
[Date "2016.01.06"]
[Round "7"]
[White "Jung, Gerald"]
[Black "Poelig, Juergen"]
[Result "1/2-1/2"]
[WhiteElo "1949"]
[BlackElo "1882"]
[PlyCount "20"]
[EventDate "2016.01.03"]
[EventType "swiss"]
[EventRounds "7"]
[EventCountry "GER"]
[SourceTitle "EXT 2018"]
[Source "ChessBase"]
[SourceDate "2017.10.13"]
[SourceVersion "1"]
[SourceVersionDate "2017.10.13"]
[SourceQuality "1"]

1. Nc3 e6 2. Nf3 d5 3. e4 c5 4. exd5 exd5 5. Bb5+ Nc6 6. Qe2+ Be7 7. Ne5 Qd6 8. d3 a6 9. Bxc6+ bxc6 10. Bf4 Qe6 1/2-1/2

[Event "Niedersachsen-ch op-A"]
[Site "Verden"]
[Date "2014.01.05"]
[Round "7"]
[White "Poelig, Juergen"]
[Black "Vetter, Torsten"]
[Result "1/2-1/2"]
[WhiteElo "1940"]
[BlackElo "1978"]
[PlyCount "33"]
[EventDate "2014.01.02"]
[EventType "swiss"]
[EventRounds "7"]
[EventCountry "GER"]
[SourceTitle "EXT 2016"]
[Source "ChessBase"]
[SourceDate "2015.10.08"]
[SourceVersion "1"]
[SourceVersionDate "2015.10.08"]
[SourceQuality "1"]

1. e4 e5 2. Nc3 d6 3. Bc4 Be6 4. Bxe6 fxe6 5. Nf3 Nf6 6. 0-0 Qd7 7. d4 exd4 8. Nxd4 e5 9. Nde2 Be7 10. h3 c6 11. f4 g6 12. Be3 Na6 13. a4 Nc7 14. Qd3 a6 15. Rfb1 Qe6 16. b4 0-0 17. Rf1 1/2-1/2

[Event "Niedersachsen-ch op-A"]
[Site "Verden"]
[Date "2014.01.04"]
[Round "5"]
[White "Poelig, Juergen"]
[Black "Ngo, Minh Duc"]
[Result "1/2-1/2"]
[WhiteElo "1940"]
[BlackElo "1980"]
[PlyCount "45"]
[EventDate "2014.01.02"]
[EventType "swiss"]
[EventRounds "7"]
[EventCountry "GER"]
[SourceTitle "EXT 2016"]
[Source "ChessBase"]
[SourceDate "2015.10.08"]
[SourceVersion "1"]
[SourceVersionDate "2015.10.08"]
[SourceQuality "1"]

1. e4 c5 2. c3 d5 3. exd5 Qxd5 4. d4 Nc6 5. Nf3 Bg4 6. Be2 cxd4 7. cxd4 e6 8. Nc3 Qa5 9. 0-0 Nf6 10. h3 Bh5 11. a3 Bd6 12. Be3 0-0 13. b4 Qd8 14. Rc1 Ne7 15. Bg5 Nfd5 16. Ne4 Bb8 17. Qd2 f6 18. Be3 f5 19. Nc5 f4 20. Nxe6 fxe3 21. fxe3 Qd6 22. Nxf8 Bxf3 23. Rxf3 1/2-1/2

[Event "Niedersachsen-ch op-A"]
[Site "Verden"]
[Date "2014.01.02"]
[Round "2"]
[White "Jung, Michael"]
[Black "Poelig, Juergen"]
[Result "1/2-1/2"]
[WhiteElo "1660"]
[BlackElo "1940"]
[PlyCount "57"]
[EventDate "2014.01.02"]
[EventType "swiss"]
[EventRounds "7"]
[EventCountry "GER"]
[SourceTitle "EXT 2016"]
[Source "ChessBase"]
[SourceDate "2015.10.08"]
[SourceVersion "1"]
[SourceVersionDate "2015.10.08"]
[SourceQuality "1"]

1. d4 e6 2. Nc3 d5 3. e4 Bb4 4. exd5 exd5 5. Qf3 Ne7 6. Bg5 f6 7. Bf4 Nbc6 8. 0-0-0 a6 9. Nge2 0-0 10. Ng3 Be6 11. Be2 Ng6 12. Nh5 Re8 13. Rhe1 b5 14. Qg3 Ba5 15. Bf3 Bxc3 16. bxc3 Ra7 17. Re3 Bf7 18. Rde1 Rxe3 19. Rxe3 Na5 20. Be2 Nc4 21. Bxc4 bxc4 22. f3 Rb7 23. Qe1 c6 24. Bg3 Qa5 25. Re8+ Bxe8 26. Qxe8+ Nf8 27. Bd6 Rf7 28. Bxf8 Rxf8 29. Qe7 1/2-1/2

[Event "Niedersachsen-ch op-A"]
[Site "Verden"]
[Date "2014.01.02"]
[Round "1"]
[White "Poelig, Juergen"]
[Black "Woestmann, Hans Joachim"]
[Result "0-1"]
[WhiteElo "1940"]
[BlackElo "2069"]
[PlyCount "74"]
[EventDate "2014.01.02"]
[EventType "swiss"]
[EventRounds "7"]
[EventCountry "GER"]
[SourceTitle "EXT 2016"]
[Source "ChessBase"]
[SourceDate "2015.10.08"]
[SourceVersion "1"]
[SourceVersionDate "2015.10.08"]
[SourceQuality "1"]

1. e4 e6 2. d3 d5 3. Nd2 Nf6 4. Ngf3 Be7 5. g3 c5 6. Bg2 Nc6 7. 0-0 0-0 8. e5 Nd7 9. Re1 b5 10. h4 a5 11. Nf1 b4 12. Bf4 Ba6 13. Ng5 Qe8 14. Qh5 h6 15. Nh2 Nd4 16. Rac1 f5 17. Qxe8 Rfxe8 18. Nxe6 Nxe6 19. Bxd5 Kf7 20. Bxa8 Rxa8 21. Nf3 Bb7 22. Nd2 g5 23. hxg5 hxg5 24. Be3 f4 25. gxf4 gxf4 26. Bxf4 Nxf4 27. Nf1 Rh8 28. Ng3 Nf8 29. Rcd1 N8e6 30. c3 Ng5 31. Re3 Nf3+ 32. Kf1 Nh2+ 33. Kg1 Ng4 34. Ree1 Bf3 35. Rd2 Rh2 36. d4 Rg2+ 37. Kf1 Nh2# 0-1

[Event "Braunschweig Oker Cup"]
[Site "Braunschweig"]
[Date "2011.12.02"]
[Round "1"]
[White "Poelig, Juergen"]
[Black "Gieseke, Karl Heinz"]
[Result "1-0"]
[WhiteElo "1936"]
[BlackElo "996"]
[PlyCount "73"]
[EventDate "2011.12.02"]
[EventType "swiss"]
[EventRounds "5"]
[EventCountry "GER"]
[SourceTitle "EXT 2013"]
[Source "ChessBase"]
[SourceDate "2012.11.22"]
[SourceVersion "1"]
[SourceVersionDate "2012.11.22"]
[SourceQuality "1"]

1. Nf3 e6 2. g3 d5 3. Bg2 Bd6 4. d3 Nf6 5. 0-0 Nbd7 6. Nbd2 Nb6 7. e4 Ng4 8. h3 Ne5 9. Nxe5 Bxe5 10. f4 Bd4+ 11. Kh2 Be3 12. Qe2 d4 13. c3 Bxd2 14. Bxd2 c5 15. f5 e5 16. Qg4 0-0 17. Bh6 Qf6 18. Bg5 Qd6 19. cxd4 cxd4 20. Qh4 f6 21. Bd2 Rf7 22. g4 Rc7 23. g5 Rc2 24. Bc1 Bd7 25. Rf3 Be8 26. gxf6 Nd5 27. exd5 e4+ 28. Bf4 Rxg2+ 29. Kxg2 exf3+ 30. Kf2 Qxd5 31. Rg1 Qf7 32. Rxg7+ Qxg7 33. fxg7 Bc6 34. Be5 Re8 35. Bxd4 Re2+ 36. Kg3 Rg2+ 37. Kf4 1-0

[Event "Niedersachsen-ch op"]
[Site "Verden"]
[Date "2011.01.04"]
[Round "6"]
[White "Haerig, Wilfried"]
[Black "Poelig, Juergen"]
[Result "1-0"]
[WhiteElo "2086"]
[BlackElo "1941"]
[PlyCount "85"]
[EventDate "2011.01.02"]
[EventType "swiss"]
[EventRounds "7"]
[EventCountry "GER"]
[SourceTitle "EXT 2018"]
[Source "ChessBase"]
[SourceDate "2017.10.13"]
[SourceVersion "1"]
[SourceVersionDate "2017.10.13"]
[SourceQuality "1"]

1. e4 e6 2. d3 d5 3. Nd2 c5 4. Ngf3 Nc6 5. g3 Nf6 6. Bg2 d4 7. 0-0 e5 8. Nc4 Qc7 9. Bg5 Be7 10. h4 h6 11. Bxf6 Bxf6 12. Nh2 Be6 13. Nd2 g5 14. h5 Qd7 15. Bf3 Rg8 16. Bg4 Be7 17. Qf3 b5 18. Rae1 Nb4 19. a3 Nc6 20. Bf5 Bxf5 21. exf5 Rd8 22. f6 g4 23. Nxg4 Rxg4 24. fxe7 Kxe7 25. Ne4 f5 26. Nxc5 Qc8 27. Re2 Kd6 28. Nb3 Rdg8 29. c3 dxc3 30. bxc3 f4 31. Nd2 Rh4 32. Ne4+ Ke7 33. d4 exd4 34. Ng5+ Kd6 35. Re6+ Kc5 36. cxd4+ Kb6 37. d5 Ka5 38. Rxc6 fxg3 39. Qc3+ b4 40. axb4+ Rxb4 41. Qc5+ Ka4 42. Ra1+ Kb3 43. Qc2# 1-0

[Event "Niedersachsen-ch op"]
[Site "Verden"]
[Date "2011.01.03"]
[Round "3"]
[White "Gruender, Michael"]
[Black "Poelig, Juergen"]
[Result "1/2-1/2"]
[WhiteElo "1999"]
[BlackElo "1941"]
[PlyCount "38"]
[EventDate "2011.01.02"]
[EventType "swiss"]
[EventRounds "7"]
[EventCountry "GER"]
[SourceTitle "EXT 2018"]
[Source "ChessBase"]
[SourceDate "2017.10.13"]
[SourceVersion "1"]
[SourceVersionDate "2017.10.13"]
[SourceQuality "1"]

1. Nf3 e6 2. c4 d5 3. g3 Nf6 4. Bg2 c5 5. cxd5 exd5 6. d4 Nc6 7. 0-0 Be7 8. Nc3 0-0 9. Bg5 cxd4 10. Nxd4 h6 11. Bf4 Bg4 12. h3 Be6 13. Qa4 Qd7 14. g4 Rad8 15. Rac1 Nh7 16. Rfd1 Bf6 17. Nb3 Qe7 18. e3 Bxc3 19. Rxc3 h5 1/2-1/2

[Event "Niedersachsen-ch open"]
[Site "Verden"]
[Date "2010.01.04"]
[Round "3.18"]
[White "Boehm, Jana"]
[Black "Poelig, Juergen"]
[Result "0-1"]
[WhiteElo "1445"]
[BlackElo "1807"]
[PlyCount "54"]
[EventDate "2010.01.03"]
[EventType "swiss"]
[EventRounds "7"]
[EventCountry "GER"]
[SourceTitle "EXT 2012"]
[Source "ChessBase"]
[SourceDate "2011.11.24"]
[SourceVersion "1"]
[SourceVersionDate "2011.11.24"]
[SourceQuality "1"]

1. e4 e6 2. d4 d5 3. exd5 exd5 4. Bd3 Bd6 5. Ne2 Nc6 6. c3 Nge7 7. Bf4 Bg4 8. f3 Be6 9. Qc2 Qd7 10. Bxd6 Qxd6 11. Nd2 0-0-0 12. 0-0-0 g6 13. g4 h5 14. h3 Rh7 15. g5 h4 16. Nf1 Nf5 17. Bxf5 Bxf5 18. Qb3 Qe7 19. Nf4 Qxg5 20. Re1 Qxf4+ 21. Nd2 Rh5 22. Kd1 Rg5 23. Re2 Rg3 24. Reh2 Qg5 25. Ke1 Rg1+ 26. Kf2 Qg3+ 27. Ke3 Re8+ 0-1